Tìm hiểu tục hầu Đồng ở Đền Kiếp Bạc Huyện Chí Linh, Tỉnh Hải Dương
Một vài nét về điều kiện tự nhiên kinh tế - xã hội huyện Chí Linh tỉnh Hải Dương
Sparad:
| Huvudupphovsman: | |
|---|---|
| Övriga upphovsmän: | |
| Materialtyp: | Bok |
| Språk: | Vietnamese |
| Publicerad: |
Đà Nẵng Đà Nẵng
Trường Đại học Sư phạm
2009
|
| Ämnen: | |
| Taggar: |
Lägg till en tagg
Inga taggar, Lägg till första taggen!
|
| Thư viện lưu trữ: | Mạng thư viện Đại học Đà Nẵng |
|---|
| LEADER | 01151nam a2200313 4500 | ||
|---|---|---|---|
| 001 | 000010905 | ||
| 003 | 7128 | ||
| 005 | 20111223091202.0 | ||
| 008 | 111223s2009 viesd | ||
| 041 | |a vie | ||
| 072 | |a Khóa luận tốt nghiệp | ||
| 082 | |a 395.3 |b HA-L | ||
| 100 | 1 | |a Hà Thị Luyến | |
| 245 | 1 | |a Tìm hiểu tục hầu Đồng ở Đền Kiếp Bạc Huyện Chí Linh, Tỉnh Hải Dương |c Hà Thị Luyến | |
| 260 | |a Đà Nẵng Đà Nẵng |b Trường Đại học Sư phạm |c 2009 | ||
| 300 | |a 64 tr. |b ảnh |c 29 cm | ||
| 500 | |a Khóa luận tốt nghiệp Đại học. Chuyên ngành: Ngành Cư nhân Ngữ văn | ||
| 520 | |a Một vài nét về điều kiện tự nhiên kinh tế - xã hội huyện Chí Linh tỉnh Hải Dương | ||
| 653 | |a Khóa luận tốt nghiệp Đại học | ||
| 653 | |a Khoa Ngữ văn | ||
| 700 | 1 | |a Lương Vĩnh An |c Th,s |e Hướng dẫn | |
| OWN | |a LSP | ||
| 999 | |a From the UDN01 | ||
| TYP | |a Monograph | ||
| TYP | |a Printed language | ||
| 980 | |a Mạng thư viện Đại học Đà Nẵng | ||